Normal view
MARC view
- Vollmann, Thomas E
Entry Personal Name
001 - CONTROL NUMBER
- control field: 85279
003 - CONTROL NUMBER IDENTIFIER
- control field: NUST
005 - DATE AND TIME OF LATEST TRANSACTION
- control field: 20211130110510.0
008 - FIXED-LENGTH DATA ELEMENTS
- fixed length control field: 211130|| aca||aabn | a|a d
040 ## - CATALOGING SOURCE
- Original cataloging agency: NUST
- Transcribing agency: NUST
100 ## - HEADING--PERSONAL NAME
- Personal name: Vollmann, Thomas E
670 ## - SOURCE DATA FOUND
- Source citation: Work cat.: (NUST)33964: Manufacturing Planning and Control Systems for Supply Chain Management /, c2005.
